书目信息 |
| 题名: |
芬兰史
|
|
| 作者: | 约翰·亨·伍里宁 著 ;武汉大学《芬兰史》翻译组 译 | |
| 分册: | 上册 | |
| 出版信息: | 武汉 湖北 1973.9 |
|
| 页数: | 334页 | |
| 开本: | 20cm | |
| 丛书名: | ||
| 单 册: | ||
| 中图分类: | K531.0 | |
| 科图分类: | ||
| 主题词: | 北欧--历史 | |
| 电子资源: | ||
| ISBN: | ||
| 000 | 00700nam0 2200229 45 | |
| 001 | 0212170951 | |
| 005 | 20031219104102.3 | |
| 010 | @dCNY2.69 | |
| 091 | @a11106.97 | |
| 100 | @a20021217d1973 km y0chiy0120 ea | |
| 101 | 0 | @achi |
| 105 | @ayy z 000yy | |
| 200 | 1 | @a芬兰史@AFen Lan Shi@h上册@f(美)约翰·亨·伍里宁著@F(Mei)Yue Han·Heng·Wu Li Ning Zhu@g武汉大学《芬兰史》翻译组译 |
| 210 | @a武汉@c湖北@d1973.9 | |
| 215 | @a334页@d20cm | |
| 300 | @a内部参考读物 | |
| 606 | 0 | @a北欧@x历史 |
| 690 | @aK531.0@v3 | |
| 701 | 0 | @a约翰·亨·伍里宁@4著 |
| 712 | 02 | @a武汉大学《芬兰史》翻译组@AWu Han Da Xue《Fen Lan Shi》Fan Yi Zu@4译 |
| 801 | @aCN@bTSTC@c20021217 | |
| 905 | @dK531.0@e1:1@f1@b219176 | |
| 芬兰史.上册/(美)约翰·亨·伍里宁著/武汉大学《芬兰史》翻译组译.-武汉:湖北,1973.9 |
| 334页;20cm |
| 内部参考读物 |
| ISBN :CNY2.69 |
| ● |
| 相关链接 |
|
|
|
|
正题名:芬兰史
索取号:K531.0/1:1
 
预约/预借
| 序号 | 登录号 | 条形码 | 馆藏地/架位号 | 状态 | 备注 |
| 1 | 0219176 | 001736857 | 第二样本阅览室/ [索取号:K531.0/1:1] | 在馆 |